Directorio político de alcaldes constitucionales, para el ejercicio de las conciliaciones, juicios verbales y otras funciones de su instituto, puesto en el estilo de diálogo para la más facíl instrucción de todos los que tengan que formalizar alguna deman

Detalles Bibliográficos
Autor principal: Barquera, Juan Wenceslao, 1779-1840
Formato: Libro
Lenguaje:Undetermined
Spanish
Publicado: México 1826
Edición:3ra edición corregida y aumentada
Materias:
Colección:Banco de datos
Acervo:Biblioteca Fenando Tola de Habich. Colección bibliográfica
Descripción Física:39 p. 14.5 cm.
Tema general:Política México
Notas:Daños en la encuadernación
LEADER 00851nam a2200181Ia 4500
008 150723s9999 xx 000 0 und d
041 0 |a spa 
100 1 |a Barquera, Juan Wenceslao, 1779-1840 
245 1 0 |a Directorio político de alcaldes constitucionales, para el ejercicio de las conciliaciones, juicios verbales y otras funciones de su instituto, puesto en el estilo de diálogo para la más facíl instrucción de todos los que tengan que formalizar alguna deman 
250 |a 3ra edición corregida y aumentada  
260 |a México  |b imprenta á cargo del C. Adrian Requelba, calle de las capuchinas núm. 1  |c 1826 
300 |a 39 p.   |c 14.5 cm. 
500 |a Daños en la encuadernación  
650 1 0 |a Política México 
852 |a 276 
942 |c TOLALIB 
943 |g Biblioteca Fenando Tola de Habich. Colección bibliográfica 
999 |c 989792  |d 989792